Statistiques concernant La Bible - Quelques nombres #1

Cliquez ici pour prendre le quiz!

Statistiques générales

  • Ce quiz a été pris 112 fois
  • Le résultat moyen est 4 sur 12

Statistiques - réponses

QuestionSourceNombre(s)% Correct
Apôtres auprès de Jésus..Les 4 évangiles12
100%
Nombre de tribus d'Israël..Le Pentateuque12
68%
Jours et nuits de Jonas dans le gros poisson..Jonas 2:13
54%
Nombre de fruits de l'Esprit..Galates 5:22-239
37%
Nombre de livres de la Bible..(Canon protestant)66
32%
Églises de l'Apocalypse de l'Asie Mineure..Livre de l'Apocalypse7
32%
Années de règne du roi Salomon..2 Chroniques 9:3040
30%
Nombre de chapitre(s) du livre de la Genèse..Livre de la Genèse50
27%
Le numéro du chapitre où se trouve les béatitudes..Livre de Matthieu5
23%
Psaumes du livre des Psaumes..Livre des Psaumes150
20%
L'âge de Noé lorsque le déluge arriva..Genèse 7:6600
10%
Nombre de mages qui ont adoré Jésus..Matthieu 2:1Inconnu
8%

Distribution des résultats

Percentile par nombre de réponses

% des personnes avec chaque résultat

Votre développement - résultats

Vous n’avez pas pris ce quiz